La gratuidad de la educación: en los planes de desarollo de los departamentos y los municipios de Colombia. 2008-2011

-д хадгалсан:
Номзүйн дэлгэрэнгүй
Үндсэн зохиолчид: Saldarriaga Vélez, Jaime (Зохиогч), Scoppetta, Orlando (Зохиогч)
Формат: Ном
Хэл сонгох:испани
Хэвлэсэн: Bogotá UNICEF 2009
Нөхцлүүд:
Шошгууд: Шошго нэмэх
Шошго байхгүй, Энэхүү баримтыг шошголох эхний хүн болох!

MARC

LEADER 00000cam a2200000 a 4500
001 UCF0838
003 CL-VaPUC
008 120607e20090700CK |||||||||||||||||spa|d
020 |a 9789588402123 
082 0 4 |a 372.986  |b SAL  |2 21 
100 0 |a Saldarriaga Vélez, Jaime  |e author  |9 562536 
700 0 |a Scoppetta, Orlando  |e author  |9 562537 
245 1 3 |a La gratuidad de la educación: en los planes de desarollo de los departamentos y los municipios de Colombia. 2008-2011 
300 |a 158 P 
942 |c BK 
945 |d 20120607 00:00:00  |a dcastane 
260 |a Bogotá  |b UNICEF  |c 2009 
650 0 |a Educación básica   |9 224933 
650 7 |a EDUCACION GRATUITA  |2 CL-VaPUC  |9 311677 
651 0 |a Colombia  |9 256424 
583 |a last modification  |c 20130325 03:32:34  |k Rodrigo Vera 
999 |c 347942  |d 347940 
952 |0 0  |1 0  |4 0  |6 372_986000000000000_SAL_2009  |7 0  |8 A  |9 449747  |a BIBEDU  |b BIBEDU  |d 2019-11-22  |i 4838513  |o 372.986 SAL 2009  |p 4838513  |r 2019-11-22  |w 2019-11-22  |y BK  |k EPE